000 00887nam a22002411a 4500
001 159058
008 880812r19941931miu b 000 0 eng d
035 _a(OCoLC)ocm18465895
035 _9D501905
040 _aRBN
_cRBN
_dOCL
_dOMT
_dICW
049 _aICWA
050 _aBX9422
_b.K8 1987
100 1 _aKuyper, Abraham,
_d1837-1920.
245 1 0 _aLectures on Calvinism /
_cby Abraham Kuyper.
_h[Text]
260 _aGrand Rapids, Mich.
_bEerdmans
_c1981
300 _a199 p. ; 20 cm.
500 _a"Six lectures delivered at Princeton University under the auspices of the L.P. Stone Foundation." Reprint of the 1931 ed.
504 _a"Six lectures delivered at Princeton University under the auspices of the L.P. Stone Foundation." Reprint of the 1931 ed.
600 1 0 _aCalvin
_hJean
_c1509-1564
650 0 _aCalvinism.
650 0 _aReformed church
_xdoctrines.
910 _a501905
999 _c31070
_d31070